MPK Poznań - linia 17 - Statystyki

Ogólne statystyki
  • Ten quiz został rozwiązany 34 razy
  • Średni wynik to 25 z 35
Statystyki odpowiedzi
Ulica/pętla/plac Odpowiedź % Poprawnych
Pętla Górczyn PKM
96%
Głogowska Dworzec Zachodni
88%
Głogowska Głogowska/Hetmańska
88%
Matyi Poznań Główny
88%
Gwarna Gwarna
83%
Małe Garbary Małe Garbary
83%
Św.Marcin Zamek
83%
Głogowska Park Wilsona
79%
Głogowska Rynek Łazarski
79%
Starołęcka Starołęka PKM
79%
Wyszyńskiego Katedra
75%
Głogowska Krauthofera
75%
Towarowa Poznań Główny
75%
Wyszyńskiego Rondo Śródka
75%
Towarowa Uniwersytet Ekonomiczny
75%
Warczygłowy Kórnicka
71%
Jana Pawła II Rondo Śródka
71%
Głogowska Sielska
71%
Plac Plac Wielkopolski
67%
Polanka
67%
Starołęcka Starołęka Mała
67%
Żegrze Żegrze I
67%
Żegrze Żegrze II
67%
Żegrze Żegrze III
67%
Jana Pawła II Baraniaka
63%
Łacina
63%
Plac Plac Ratajskiego
63%
Hetmańska Rondo Starołęka
63%
Starołęcka Rondo Starołęka
63%
Żegrze Rondo Żegrze
63%
Starołęcka Bystra
58%
Chartowo Os.Czecha
58%
Piaśnicka Os.Lecha
58%
Piaśnicka Os.Tysiąclecia
58%
Hetmańska Rondo Żegrze
58%
Nie znaleziono quizów pasujących do podanych kryteriów
Rozkład punktacji
Procent ludzi z każdym wynikiem
Percentyl według liczby udzielonych odpowiedzi
Twoja historia wyników
Nie rozwiązałeś tego quizu